X4 Centrale Lyon - Statistiques

Statistiques générales
  • Ce quiz a été pris 37 fois
    12 depuis la dernière actualisation
  • Le résultat moyen est 33 sur 154
Statistiques - réponses
Chambre Année Réponse % Correct
X413 2024 Alvi
60%
X401 2023 Etau
60%
X405 2021 Spahdon
60%
X414 2023 Vegas
60%
X416 2024 Akuna
50%
X406 2024 Blake
50%
X403 2024 Drive
50%
X409 2024 Fara
50%
X404 2024 Fratellow
50%
X415 2021 Glok
50%
X411 2024 Hawa
50%
X403 2021 Haxy
50%
X410 2024 Kanté
50%
X405 2024 Kuda
50%
X409 2023 Lektra
50%
X414 2024 Light
50%
X405 2022 Luga
50%
X412 2024 Machette
50%
X403 2023 Maps
50%
X405 2023 Menta
50%
X404 2023 Pellow
50%
X401 2024 Pignon
50%
X415 2024 Piupiu
50%
X413 2023 Ridzy
50%
X402 2024 Schrödi
50%
X407 2024 Yuze
50%
X412 2022 Ashe
40%
X409 2021 Blitz
40%
X401 2022 Carter
40%
X415 2023 Kimbo
40%
X415 2022 Kolt
40%
X412 2021 Kootoh
40%
X403 2022 Krom
40%
X406 2023 Lexy
40%
X417 2022 Minzah
40%
X410 2022 Narco
40%
X418 2024 Pepe
40%
X407 2021 Plum
40%
X411 2023 Slice
40%
X414 2022 Bleix
30%
X401 2019 Boulon
30%
X417 2024 Doks
30%
X407 2023 Kassy
30%
X416 2023 Nala
30%
X408 2022 Rocky
30%
X413 2022 Snooz
30%
X417 2020 Systhan
30%
X410 2023 Traffy
30%
X401 2021 Turbine
30%
X409 2022 Volta
30%
X408 2024 x
30%
X419 2024 x
30%
X420 2024 x
30%
X421 2024 x
30%
X422 2024 x
30%
X417 2023 x
30%
X418 2023 x
30%
X419 2023 x
30%
X420 2023 x
30%
X421 2023 x
30%
X422 2023 x
30%
X402 2022 x
30%
X411 2022 x
30%
X419 2022 x
30%
X420 2022 x
30%
X421 2022 x
30%
X422 2022 x
30%
X404 2021 x
30%
X419 2021 x
30%
X420 2021 x
30%
X421 2021 x
30%
X422 2021 x
30%
X421 2019 x
30%
X422 2019 x
30%
X412 2018 x
30%
X421 2018 x
30%
X422 2018 x
30%
X418 2022 Zoga
30%
X407 2022 Berry
20%
X412 2023 Daag
20%
X405 2018 Kasthor
20%
X408 2023 Moune
20%
X405 2019 Rama
20%
X403 2019 Sith
20%
X406 2021 Toryh
20%
X402 2020 Yapah
20%
X403 2020 Yzos
20%
X414 2021 Deyme
10%
X417 2018 Latcha
10%
X410 2021 Ményh
10%
X413 2021 Nésia
10%
X416 2021 Nobi
10%
X402 2023 Senza
10%
X409 2020 Stalhy
10%
X405 2020 Thaalmo
10%
X411 2018 Trakop
10%
X413 2018 Anglih
0%
X406 2022 Ava
0%
X406 2019 Azah
0%
X404 2018 Blakow
0%
X411 2021 Boasty
0%
X418 2019 Braf
0%
X415 2019 Cédékah
0%
X407 2018 Cobry
0%
X404 2019 Cuistow
0%
X412 2020 Dikah
0%
X411 2020 Dimmi
0%
X418 2020 Fizz
0%
X408 2020 Funky
0%
X404 2022 Fuzow
0%
X401 2020 Goupy
0%
X210 2019 Kayppi
0%
X410 2018 Khosmo
0%
X416 2020 Kiara
0%
X418 2018 Lipa
0%
X413 2020 Lymy
0%
X414 2019 Lypso
0%
X419 2018 Lyvioh
0%
X419 2020 Mepo
0%
X406 2018 Miyah
0%
X418 2021 Moskow
0%
X407 2020 Nanass
0%
X402 2019 Nycha
0%
X413 2019 Nynta
0%
X420 2020 Ponzo
0%
X402 2018 Poskha
0%
X408 2019 Powpy
0%
X417 2019 Pritz
0%
X414 2020 Prom
0%
X416 2018 Pumba
0%
X410 2020 Pyrauh
0%
X411 2019 Quibu
0%
X416 2019 Rafiqi
0%
X408 2018 Reggieh
0%
X415 2018 Rétroh
0%
X406 2020 Romhy
0%
X414 2018 Sadhy
0%
X420 2021 Séyah
0%
X409 2019 Sheyrell
0%
X407 2019 Strawby
0%
X409 2018 Téka
0%
X421 2020 Terk
0%
X415 2020 Teykoh
0%
X412 2019 Thar
0%
X422 2020 Tiroir
0%
X419 2019 Tokhy
0%
X404 2020 Tronkow
0%
X408 2021 Twerky
0%
X410 2019 Tycouz
0%
X401 2018 Vérin
0%
X403 2018 Yehti
0%
X420 2018 Zani
0%
X417 2021 Zeuyeu
0%
X416 2022 Zira
0%
Aucun quiz correspondant
Distribution des résultats
% des personnes avec chaque résultat
Percentile par nombre de réponses
Votre historique - résultats
Vous n’avez pas pris ce quiz depuis la dernière actualisation